000 00287nam a22001337a 4500
008 180226b xxu||||| |||| 00| 0 eng d
020 _a9780805382846
041 _aeng
080 _a37
100 _a25
101 _aEDU
245 _aGet ready for A&P
_cGarrett,L.K
942 _2udc
_cBK
999 _c43504
_d43504